Mort cinder /

Guardado en:
Autor Principal: Oesterheld, Héctor Germán
Otros Autores: Breccia, Alberto
Formato: Libro
Publicado: Buenos Aires : Colihue, 2013
Series:Colección Narrativa dibujada. Serie del aventurador
Materias:
Etiquetas: Agregar Etiqueta
Sin Etiquetas, Sea el primero en etiquetar este registro!
LEADER 00884nam a22002895a 4500
001 CEM.cems018290
005 20140424091847.0
008 130507s2013##################000#0#####d
003 CEMS
020 |a 9789876849616 
082 0 4 |a A868.4 
100 1 |a Oesterheld, Héctor Germán 
245 1 0 |a Mort cinder /  |c Héctor Germán Oesterheld y Alberto Breccia 
260 |a Buenos Aires :  |b Colihue,  |c 2013 
300 |a 256 p. 
490 0 |a Colección Narrativa dibujada. Serie del aventurador 
653 |a Literatura 
653 |a Literatura argentina 
653 |a Narrativa 
653 |a Narrativa argentina 
653 |a Narrativa gráfica 
653 |a Historieta 
653 |a Comic 
653 |a Literatura de aventuras 
653 |a Ministerio de educación-colección literaria 
700 1 |a Breccia, Alberto 
859 |a CEMS  |b BIB. CEMS - Agricultura  |h A868.4  |i Oe8  |p A2034.14  |t Ej.1